Review of `Five Egyptian Goddesses: Their Possible Beginnings, Actions, and Relationships in the Third Millennium BCE /

Susan Tower Hollis, Five Egyptian Goddesses: Their Possible Beginnings, Actions, and Relationships in the Third Millennium BCE. London: Bloomsbury, 2020. Bloomsbury Egyptolo- gy. ISBN 978-1-4742-3425-2. Pp. XV + 216, numerous black and white illustrations. £90.

محفوظ في:

المؤلف الرئيسي: Diamond, Kelly-Anne.

التنسيق: كتاب

اللغة: Undetermined

الوصول للمادة أونلاين: Login to view Source

الوسوم: إضافة وسم

لا توجد وسوم, كن أول من يضع وسما على هذه التسجيلة!

رقم الطلب:

LEADER 00769nam a2200109Ia 4500
008 220712s9999||||xx |||||||||||||| ||und||
100 1 |a Diamond, Kelly-Anne. 
245 1 0 |a Review of `Five Egyptian Goddesses: Their Possible Beginnings, Actions, and Relationships in the Third Millennium BCE /  |c Kelly-Anne Diamond. 
520 3 |a Susan Tower Hollis, Five Egyptian Goddesses: Their Possible Beginnings, Actions, and Relationships in the Third Millennium BCE. London: Bloomsbury, 2020. Bloomsbury Egyptolo- gy. ISBN 978-1-4742-3425-2. Pp. XV + 216, numerous black and white illustrations. £90. 
856 4 |u https://lockwoodonlinejournals.com/index.php/jarce/workflow/access/1985 
952 |0 0  |1 0  |4 0  |7 1  |9 42446  |a JARCE  |b JARCE  |d 2022-08-09  |l 0  |r 2022-08-09 00:00:00  |w 2022-08-09  |y PT 
999 |c 49209  |d 49209